000 00729nam a2200217 i 4500
001 164024
003 ES-MaACL
005 20250812225910.0
008 020418s1869 fr a |||| | fre d
100 1 _aRousseau, L.
_9132109
245 1 4 _aLes habitations merveilleuses /
_cimité de l'anglais par L. Rousseau.
260 _aParis :
_bP. Brunet,
_c1869 (
_eAbbeville :
_fImp. Briez)
300 _a2 v. :
_bil. ;
_c18 cm.
490 1 _aBibliothèque de la science pittoresque
650 7 _aAnimales
_2embne
_9135562
752 _aFrancia -
_dParís
752 _aFrancia -
_dAbbeville
830 0 _aBibliothèque de la science pittoresque
_9187934
852 _aES-MaACL
_jD-2539.
_q- Sólo v. 1
999 _c164024
_d164024